NBA MVPs - Statistics

General Stats
  • This quiz has been taken 22 times
    3 since last reset
  • The average score is 61 of 71
Answer Stats
Hint Answer % Correct
1965 Bill Russell
100%
1963 Bill Russell
100%
1962 Bill Russell
100%
1961 Bill Russell
100%
1958 Bill Russell
100%
1993 Charles Barkley
100%
1995 David Robinson
100%
2007 Dirk Nowitzki
100%
2020 Giannis Antetokounmpo
100%
2019 Giannis Antetokounmpo
100%
2023 Joel Embiid
100%
1981 Julius Erving
100%
1999 Karl Malone
100%
1997 Karl Malone
100%
2014 Kevin Durant
100%
2004 Kevin Garnett
100%
2008 Kobe Bryant
100%
2013 Lebron James
100%
2012 Lebron James
100%
2010 Lebron James
100%
2009 Lebron James
100%
1990 Magic Johnson
100%
1989 Magic Johnson
100%
1987 Magic Johnson
100%
1998 Michael Jordan
100%
1996 Michael Jordan
100%
1992 Michael Jordan
100%
1991 Michael Jordan
100%
1988 Michael Jordan
100%
1983 Moses Malone
100%
1982 Moses Malone
100%
1979 Moses Malone
100%
2024 Nikola Jokic
100%
2022 Nikola Jokic
100%
2021 Nikola Jokic
100%
2017 Russell Westbrook
100%
2026 Shai Gilgeous-Alexander
100%
2025 Shai Gilgeous-Alexander
100%
2000 Shaquille O'Neal
100%
2016 Stephen Curry
100%
2015 Stephen Curry
100%
2003 Tim Duncan
100%
2002 Tim Duncan
100%
1968 Wilt Chamberlain
100%
1967 Wilt Chamberlain
100%
1966 Wilt Chamberlain
100%
1960 Wilt Chamberlain
100%
2001 Allen Iverson
67%
1957 Bob Cousy
67%
2011 Derrick Rose
67%
1994 Hakeem Olajuwon
67%
2018 James Harden
67%
1980 Kareem Abdul-Jabbar
67%
1977 Kareem Abdul-Jabbar
67%
1976 Kareem Abdul-Jabbar
67%
1974 Kareem Abdul-Jabbar
67%
1972 Kareem Abdul-Jabbar
67%
1971 Kareem Abdul-Jabbar
67%
1986 Larry Bird
67%
1985 Larry Bird
67%
1984 Larry Bird
67%
1964 Oscar Robertson
67%
2006 Steve Nash
67%
2005 Steve Nash
67%
1969 Wes Unseld
67%
1970 Willis Reed
67%
1978 Bill Walton
33%
1975 Bob Mcadoo
33%
1959 Bob Pettit
33%
1956 Bob Pettit
33%
1973 Dave Cowens
33%
No matching quizzes found
Score Distribution
Percent of People with Each Score
Percentile by Number Answered
Your Score History
You have not taken this quiz since the last reset